000 00322 a2200109 4500
001 ART_12068
005 20260410161903.0
008 260409a
245 1 0 _aNormalization in point estimation
100 1 _aFisher, Walter D.
773 0 _tJournal of econometrics
_g- Vol. 4, NÂș 3 (ago. 1976)
_wREV11720
999 _c26063
_d26063